Business information at work (Record no. 99613)
[ view plain ]
| 000 -LEADER | |
|---|---|
| fixed length control field | 00828cam a2200217 4500 |
| 008 - FIXED-LENGTH DATA ELEMENTS--GENERAL INFORMATION | |
| fixed length control field | 000000n1999 000 0 eng u |
| 020 ## - INTERNATIONAL STANDARD BOOK NUMBER | |
| International Standard Book Number | 0851424031 |
| 035 ## - SYSTEM CONTROL NUMBER | |
| System control number | (Sirsi) u100131 |
| 041 ## - LANGUAGE CODE | |
| Language code of text/sound track or separate title | eng |
| 100 ## - MAIN ENTRY--PERSONAL NAME | |
| Personal name | Lowe, Michael |
| 245 ## - TITLE STATEMENT | |
| Title | Business information at work |
| 260 ## - PUBLICATION, DISTRIBUTION, ETC. | |
| Place of publication, distribution, etc. | London |
| Name of publisher, distributor, etc. | Aslib |
| Date of publication, distribution, etc. | 1999 |
| 300 ## - PHYSICAL DESCRIPTION | |
| Extent | xix, 327p. ; 23cm. |
| 350 ## - PRICE (NR) (BK AM CF MU VM SE) [OBSOLETE] | |
| Price | 36.00 |
| 520 ## - SUMMARY, ETC. | |
| Summary, etc. | Relates organisations' real information needs to specific types and named examples of information sources and services. The final chapter shows how to exploit the vast array of available information systematically, looking, for example, at the role of the information intermediary, the internet and onlien hosts. |
| 650 ## - SUBJECT ADDED ENTRY--TOPICAL TERM | |
| Topical term or geographic name entry element | BUSINESS INFORMATION |
| 650 ## - SUBJECT ADDED ENTRY--TOPICAL TERM | |
| Topical term or geographic name entry element | LIBRARIES |
| 690 ## - LOCAL SUBJECT ADDED ENTRY--TOPICAL TERM (OCLC, RLIN) | |
| Topical term or geographic name as entry element | ECONOMIC AND SOCIAL |
| 710 ## - ADDED ENTRY--CORPORATE NAME | |
| Corporate name or jurisdiction name as entry element | Aslib |
| 9 (RLIN) | 760 |
| 942 ## - ADDED ENTRY ELEMENTS (KOHA) | |
| Suppress in OPAC | 0 |
| Withdrawn status | Lost status | Source of classification or shelving scheme | Damaged status | Not for loan | Home library | Current library | Shelving location | Date acquired | Total Checkouts | Full call number | Barcode | Date last seen | Date last checked out | Copy number | Price effective from | Koha item type |
|---|---|---|---|---|---|---|---|---|---|---|---|---|---|---|---|---|
| Dewey Decimal Classification | London | London | Books | 29/09/1999 | 6 | 658.403 | 30059228 | 06/08/2019 | 16/11/2006 | 1 | 06/08/2019 | Book |